书目信息 |
| 题名: |
中文版Word/Excel/PowerPoint从入门到精通
|
|
| 作者: | 付琦 , 刘成林 编著 | |
| 分册: | ||
| 出版信息: | 北京 清华大学出版社 2014 |
|
| 页数: | 13,464页 | |
| 开本: | 26cm | |
| 丛书名: | ||
| 单 册: | ||
| 中图分类: | TP391.12 , TP391.13 | |
| 科图分类: | ||
| 主题词: | 汉字处理软件系统--基本知识 , 表处理软件--基本知识 , 图形软件--基本知识 , 汉字处理软件系统 , 表处理软件 , 图形软件 | |
| 电子资源: | ||
| ISBN: | 978-7-302-32695-3 | |
| 000 | 01350nam0 2200349 450 | |
| 001 | 524 | |
| 005 | 20140910092125.90 | |
| 010 | @a978-7-302-32695-3@dCNY59.80 | |
| 100 | @a20140211d2014 em y0chiy50 ea | |
| 101 | 0 | @achi |
| 102 | @aCN@b110000 | |
| 105 | @aa z 000yy | |
| 106 | @ar | |
| 200 | 1 | @a中文版Word/Excel/PowerPoint从入门到精通@AZhong Wen Ban Word/Excel/PowerPoint Cong Ru Men Dao Jing Tong@e2010版@E2010 Ban@f付琦,刘成林编著@FFu Qi, Liu Cheng Lin Bian Zhu |
| 210 | @a北京@c清华大学出版社@d2014 | |
| 215 | @a13,464页@c图@d26cm@e附光盘1片 | |
| 300 | @a学电脑从入门到精通 | |
| 307 | @a附光盘:ISBN 978-7-89414-639-7 | |
| 330 | @a本书讲解了Word文档的基本编辑、在Word中应用图片、艺术字和表格,Excel表格的基本操作,PowerPoint演示文稿设计、在PowerPoint中应用不同的对象等知识。书中实例包含了Word、Excel和PowerPoint应用的方方面面,如行政办公、销售管理、人力资源管理和职业培训等。 | |
| 606 | 0 | @a汉字处理软件系统@x基本知识 |
| 606 | 0 | @a表处理软件@x基本知识 |
| 606 | 0 | @a图形软件@x基本知识 |
| 606 | 0 | @a汉字处理软件系统 |
| 606 | 0 | @a表处理软件 |
| 606 | 0 | @a图形软件 |
| 610 | 0 | @aWord@aExcel@aPowerPoint |
| 690 | @aTP391.12@v5 | |
| 690 | @aTP391.13@v5 | |
| 701 | 0 | @a付琦@AFu Qi@4编著 |
| 701 | 0 | @a刘成林@ALiu Cheng Lin@g(计算机)@4编著 |
| 801 | 0 | @aCN@bTANGWEI@c20140603 |
| 905 | @b0838555-57@dTP391.12@e864@f3 | |
| 中文版Word/Excel/PowerPoint从入门到精通:2010版/付琦,刘成林编著.-北京:清华大学出版社,2014 |
| 13,464页:图;26cm+附光盘1片 |
| 学电脑从入门到精通 |
| ISBN 978-7-302-32695-3:CNY59.80 |
| 本书讲解了Word文档的基本编辑、在Word中应用图片、艺术字和表格,Excel表格的基本操作,PowerPoint演示文稿设计、在PowerPoint中应用不同的对象等知识。书中实例包含了Word、Excel和PowerPoint应用的方方面面,如行政办公、销售管理、人力资源管理和职业培训等。 |
| ● |
| 相关链接 |
|
|
|
|
正题名:中文版Word/Excel/PowerPoint从入门到精通
索取号:TP391.12/864
 
预约/预借
| 序号 | 登录号 | 条形码 | 馆藏地/架位号 | 状态 | 备注 |
| 1 | 0838555 | 208385558 | 第二样本阅览室/ [索取号:TP391.12/864] | 在馆 | |
| 2 | 0838556 | 208385567 | 第三借阅区/ [索取号:TP391.12/864] | 在馆 | |
| 3 | 0838557 | 208385576 | 密集书库-物理学院/ [索取号:TP391.12/864] | 在馆 |